"Память, только память сохраните..." (Запись № 2717120)

Подробности
000 -МАРКЕР
контрольное поле 03234nam0a2200469 4500
001 - ИДЕНТИФИКАТОР ЗАПИСИ
контрольное поле RU\NLR\bibl\1885587
005 - ИДЕНТИФИКАТОР ВЕРСИИ
контрольное поле 20260408204453.0
010 ## - МЕЖДУНАРОДНЫЙ СТАНДАРТНЫЙ НОМЕР КНИГИ (ISBN)
Номер (ISBN) 978-5-9902549-2-3
Тираж 100
035 ## - ДРУГИЕ СИСТЕМНЫЕ НОМЕРА
Идентификатор записи (NLR Aleph) 001875327
100 ## - ДАННЫЕ ОБЩЕЙ ОБРАБОТКИ
Данные общей обработки 20120329d2011 |||y0rusy50 ca
101 0# - ЯЗЫК РЕСУРСА
Язык текста, звукозаписи и т.д. русский
102 ## - СТРАНА ПУБЛИКАЦИИ ИЛИ ПРОИЗВОДСТВА
Страна публикации Российская Федерация
105 ## - ПОЛЕ КОДИРОВАННЫХ ДАННЫХ: ТЕКСТОВЫЕ МАТЕРИАЛЫ, МОНОГРАФИЧЕСКИЕ
Кодированные данные о монографическом текстовом документе a |||||||||
200 1# - ЗАГЛАВИЕ И СВЕДЕНИЯ ОБ ОТВЕТСТВЕННОСТИ
Основное заглавие "Память, только память сохраните..."
Сведения, относящиеся к заглавию (мемориальная пропаганда воинских подвигов земляков-курян в середине ХХ - начале ХХI веков)
Первые сведения об ответственности [А.Ю. Золотухин магистрант, В.В. Коровин д.ист.н., проф.,А.Н. Манджосов к.ист.н., чл.-корр. Акад. воен.-ист. наук]
Последующие сведения об ответственности Юго-Запад. отд-ние Акад. воен.-ист. наук
210 ## - ПУБЛИКАЦИЯ, РАСПРОСТРАНЕНИЕ И ДР.
Место издания, распространения и т.д. Курск
Имя издателя, распространителя и т. д. Юго-Западное отделение Академии военно-исторических наук
Дата издания, распространения и т.д. 2011
215 ## - ФИЗИЧЕСКАЯ ХАРАКТЕРИСТИКА
Специфическое обозначение материала и объем 77 с.
Другие сведения о физической характеристике ил. портр.
Размеры 21
300 ## - ОБЩИЕ ПРИМЕЧАНИЯ
Текст примечания Авт. указаны на обороте тит. л.
320 ## - ПРИМЕЧАНИЯ О НАЛИЧИИ В ДОКУМЕНТЕ БИБЛИОГРАФИИ / УКАЗАТЕЛЯ
Текст примечания Библиогр. в подстроч. примеч.
606 0# - НАИМЕНОВАНИЕ ТЕМЫ КАК ПРЕДМЕТ
Наименование темы Великая Отечественная война
Тематический подзаголовок Герои и героизм
Географический подзаголовок Курская область
Хронологический подзаголовок 1941 - 1945
Системный номер авторитетной/нормативной записи 1549305
Идентификатор авторитетной/нормативной записи RU\NLR\auth\66977328
606 1# - НАИМЕНОВАНИЕ ТЕМЫ КАК ПРЕДМЕТ
Наименование темы Великая Отечественная война
Тематический подзаголовок Увековечение памяти
Географический подзаголовок Курская область
Хронологический подзаголовок 1941 - 1945
Системный номер авторитетной/нормативной записи 2628457
Идентификатор авторитетной/нормативной записи RU\NLR\auth\661565017
606 1# - НАИМЕНОВАНИЕ ТЕМЫ КАК ПРЕДМЕТ
Наименование темы Региональные конфликты
Тематический подзаголовок Герои и героизм
-- Увековечение памяти
Географический подзаголовок Кавказ Северный
-- Курская область
Хронологический подзаголовок кон. 20 - нач. 21 вв.
Системный номер авторитетной/нормативной записи 2098053
Идентификатор авторитетной/нормативной записи RU\NLR\auth\661572716
606 ## - НАИМЕНОВАНИЕ ТЕМЫ КАК ПРЕДМЕТ
Наименование темы Война в Афганистане
Хронологический подзаголовок 1979 - 1989
Тематический подзаголовок Герои и героизм
Географический подзаголовок Курская область
Тематический подзаголовок Увековечение памяти
Идентификатор авторитетной/нормативной записи RU\NLR\auth\661572714
Системный номер авторитетной/нормативной записи 2098049
686 ## - ИНДЕКСЫ ДРУГИХ КЛАССИФИКАЦИЙ
Индекс Ц35(2)722-424д(2Р-4Курс)
686 ## - ИНДЕКСЫ ДРУГИХ КЛАССИФИКАЦИЙ
Индекс Ц35(2)722л(2Р-4Курс)6
686 ## - ИНДЕКСЫ ДРУГИХ КЛАССИФИКАЦИЙ
Индекс Ц35(0)635.4
686 ## - ИНДЕКСЫ ДРУГИХ КЛАССИФИКАЦИЙ
Индекс Ц4,6(2)243д(2Р-4Курс)л6
686 ## - ИНДЕКСЫ ДРУГИХ КЛАССИФИКАЦИЙ
Индекс Ц35(2)74-81(2Р-4Курс)л6
686 ## - ИНДЕКСЫ ДРУГИХ КЛАССИФИКАЦИЙ
Индекс Т3(2)722
686 ## - ИНДЕКСЫ ДРУГИХ КЛАССИФИКАЦИЙ
Индекс Т3(5Аф)63-64(2)
686 ## - ИНДЕКСЫ ДРУГИХ КЛАССИФИКАЦИЙ
Индекс Т3(2)73-64(5Аф)
700 #1 - ИМЯ ЛИЦА - ПЕРВИЧНАЯ ОТВЕТСТВЕННОСТЬ
Код отношения Автор
Начальный элемент ввода Золотухин
Часть имени, кроме начального элемента ввода А. Ю.
Дополнения к именам, кроме дат канд. ист. наук, отечественная история
Расширение инициалов личного имени Алексей Юрьевич
Системный номер авторитетной/нормативной записи 147619
Идентификатор авторитетной/нормативной записи RU\NLR\AUTH\770147655
701 #1 - ИМЯ ЛИЦА - АЛЬТЕРНАТИВНАЯ ОТВЕТСТВЕННОСТЬ
Код отношения Автор
Начальный элемент ввода Коровин
Часть имени, кроме начального элемента ввода В. В.
Дополнения к именам, кроме дат д-р ист. наук, отечеств. история
Даты 1969-
Расширение инициалов личного имени Владимир Викторович
Системный номер авторитетной/нормативной записи 147611
Идентификатор авторитетной/нормативной записи RU\NLR\AUTH\770147647
701 #1 - ИМЯ ЛИЦА - АЛЬТЕРНАТИВНАЯ ОТВЕТСТВЕННОСТЬ
Код отношения Автор
Материалы, к которым относится поле rus
Графика поля Кириллица
Начальный элемент ввода Манжосов
Часть имени, кроме начального элемента ввода А. Н.
Дополнения к именам, кроме дат канд. ист. наук, канд. мед. наук
Даты 1951-
Расширение инициалов личного имени Александр Николаевич
Идентификатор авторитетной/нормативной записи RU\NLR\AUTH\7799064
Системный номер авторитетной/нормативной записи 81990
712 02 - НАИМЕНОВАНИЕ ОРГАНИЗАЦИИ - ВТОРИЧНАЯ ОТВЕТСТВЕННОСТЬ
Код отношения Прочие
Начальный элемент ввода Академия военно-исторических наук
Идентифицирующий признак Санкт-Петербург
Структурное подразделение Юго-западное отделение
Идентифицирующий признак Курск
Идентификатор авторитетной/нормативной записи RU\NLR\AUTH\8810174698
Системный номер авторитетной/нормативной записи 845446
801 #0 - ИСТОЧНИК ЗАПИСИ
Страна Российская Федерация
Организация NLR
Дата составления 20120329
Правила каталогизации RCR
801 #1 - ИСТОЧНИК ЗАПИСИ
Страна Российская Федерация
Организация NLR
Дата составления 20120329
830 ## - ОБЩЕЕ ПРИМЕЧАНИЕ, СОСТАВЛЕННОЕ КАТАЛОГИЗАТОРОМ
Текст примечания авт. по кн.
942 ## - ДОПОЛНИТЕЛЬНЫЕ ЭЛЕМЕНТЫ ЗАПИСИ (АБИС)
Тип экземпляра АБИС Книга
980 ## - КОЛЛЕКЦИЯ
Название коллекции Национальная библиография
Экземпляры
Тип экземпляра Дата поступления Источник поступления Стоимость Библиотека постоянного хранения Библиотека текущего хранения Место хранения Шифр хранения Штрих-код Статус экземпляра
Книга 29.03.2012 Дар 100.00 РНБ (Московский) РНБ (Московский) Русский книжный фонд: издания с 1957 года 2012-4/3178 3623717